Fortaleciendo el desarrollo /

En el presente documento se expone los desafíos y triunfos por los que ha pasado el Banco Centroamericano de Integración Económica durante sus 40 años de existencia en los cuales se ha evidenciado su mística de servicios al proceso de integración centroamericana, tanto desde su éxito inicial, en los...

وصف كامل

محفوظ في:
التفاصيل البيبلوغرافية
مؤلفون مشاركون: Banco Centroamericano de Integración Económica, BCIE
التنسيق: نص
منشور في: Tegucigalpa: BCIE
الموضوعات:
الوسوم: إضافة وسم
لا توجد وسوم, كن أول من يضع وسما على هذه التسجيلة!

MARC

LEADER 00000 a a2200000 04500
001 37547
003
040
020 |a 99926-20-97-8  
090 |a 1002 B213F  
110 |a Banco Centroamericano de Integración Económica  
245 |a Fortaleciendo el desarrollo /  |c Banco Centroamericano de Integración Económica  
260 |a Tegucigalpa:   |b BCIE  
300 |a 106 p.   |b il.  
520 |a En el presente documento se expone los desafíos y triunfos por los que ha pasado el Banco Centroamericano de Integración Económica durante sus 40 años de existencia en los cuales se ha evidenciado su mística de servicios al proceso de integración centroamericana, tanto desde su éxito inicial, en los años sesenta, pasando diversas pruebas, en especial durante la turbulencia década de los años ochenta, hasta su reactivación novedosa en los noventa  
650 |a INTEGRACION ECONOMICA  
650 |a BANCOS CENTRALES  
710 |a BCIE  
999 |c 10663  |d 10663